00821nam a2200229 a 450000100060000000300080000600500170001400800410003103500190007204000290009104100080012008200240012810000560015224500600020826000780026830000290034650000190037565000190039494200120041399900170042595201490044273644BD-RjUL20211209082425.0170606s1952 enka 001 0 eng d a(BD-RjUL)73862 aDLCcTxDaMdBD-RjULbeng aeng a635.9223bMAF 19521 aMacself, A. J.q(Albert James),d1878-1952.921799010aFerns for garden and greenhouse /cAlbert James MACSELF aLondon;bW. H. & L. Collingridge,cNew York :bTransatlantic Arts,c1952. a254 p. :bill. ;c23 cm. aIncludes index 0aFerns.9217991 2ddccBK c73644d73644 00102ddc40718NFICaRUCLbRUCLcReadingd1964-12-17eEuro-pak news agencyg15.75l0o635.9 MAF 1952r2017-06-06 00:00:00tC-1w2017-06-06yBK